00457 2200157 4500001002100000005001500021035002000036245005700056100001900113300003600132260004500168082002300213084002300236020001400259650002600273INLIS00000000000354420250625105642 a0010-06250035411 aMengapa Luka Tidak Memaafkan Pisau /cM. Aan Mansyur0 aM. Aan Mansyur a97 p. :bill. ;c18,5 x 12,5 cm aJakarta :bGramedia Pustaka Utama,c2020 ach-I 899.221 M289m ach-I 899.221 M289m a620174011 4aFiction, Poetry, Poem
An Error occurred while handling another error:
yii\web\HeadersAlreadySentException: Headers already sent in /home/cgag1341/public_html/lib.cga.sch.id/common/components/MarcHelpers.php on line 185. in /home/cgag1341/public_html/lib.cga.sch.id/vendor/yiisoft/yii2/web/Response.php:369
Stack trace:
#0 /home/cgag1341/public_html/lib.cga.sch.id/vendor/yiisoft/yii2/web/Response.php(342): yii\web\Response->sendHeaders()
#1 /home/cgag1341/public_html/lib.cga.sch.id/vendor/yiisoft/yii2/web/ErrorHandler.php(136): yii\web\Response->send()
#2 /home/cgag1341/public_html/lib.cga.sch.id/vendor/yiisoft/yii2/base/ErrorHandler.php(152): yii\web\ErrorHandler->renderException(Object(yii\web\HeadersAlreadySentException))
#3 [internal function]: yii\base\ErrorHandler->handleException(Object(yii\web\HeadersAlreadySentException))
#4 {main}
Previous exception:
yii\web\HeadersAlreadySentException: Headers already sent in /home/cgag1341/public_html/lib.cga.sch.id/common/components/MarcHelpers.php on line 185. in /home/cgag1341/public_html/lib.cga.sch.id/vendor/yiisoft/yii2/web/Response.php:369
Stack trace:
#0 /home/cgag1341/public_html/lib.cga.sch.id/vendor/yiisoft/yii2/web/Response.php(342): yii\web\Response->sendHeaders()
#1 /home/cgag1341/public_html/lib.cga.sch.id/vendor/yiisoft/yii2/base/Application.php(390): yii\web\Response->send()
#2 /home/cgag1341/public_html/lib.cga.sch.id/opac/index.php(26): yii\base\Application->run()
#3 {main}